02635cam a22003494i 4500003000900000005001700009008004100026035001900067040003300086082002600119100003000145245006000175264006600235300003900301336002100340337002500361338002300386505169100409526001002100526001002110526001002120526001002130526000802140526000802148526000802156526000802164526000802172526000802180526000802188600003502196650005402231PE-LiUPU20250731173153.0150623s2003 ag r 000 0 spa d a(Sirsi) a28273 aPE-LiUPUbspacPE-LiUPUerda04a286.732092bW582e2231 aWhite, Arthur L.,eautor.10aElena de White :bmujer de visión /cArthur L. White. 1aBuenos Aires :bAsociación Casa Editora Sudamericana,c2003 a581 páginas ;c24 centímetros. atext2rdacontent aunmediated2rdamedia avolume2rdacarrier0 aEl tiempo era correcto -- Llamada a ser una mensajera -- Paso a paso -- Expandiéndose mediante las publicaciones -- Apoyo financiero para la causa de Dios -- Los Adventistas del Séptimo Día en tiempo de guerra -- Aprendiendo un nuevo estilo de vida.- Jaime: aprendiendo por el camino difícil.- el nuevo instituto de salud: precursor del sanatorio de Batlle Creek -- Primeros campestres anuales -- California, aquí llegamos -- Perspectivas animadoras -- Tiempo para un carácter más apacible -- Se abre el Colegio de Healdsburg y se cierra el de Batlle Creek -- Actividades de Elena de White en el extranjero -- Sesión de la Asociación General de 1888.- Progresos en la publicación de libros -- El llamado a Australia -- Siguiendo hacia Nueva Zelanda -- La escuela de Avandole -- Sunnyside, la granja de Elena de White -- La obra médico-misionera -- Escribiendo el Deseado de todas las gentes -- La obra en Australia llega a la mayoría de edad -- Elmshaven, un refugio para Elena de White -- La sesión de la Asociación General de 1901: Hora de cambiar -- Incendio del Sanatorio de Battle Creek -- Elmshaven: no un asilo de ancianos -- Incendio de la Review and Herald -- La sesión de la Asociación General de 1903 -- John Harvey Kellogg y The Living Temple (el templo viviente) -- Viaje de ida y vuelta a Washington -- Se me mostraron hermosas propiedades -- Un año trascendental: Ballenger, Jones, Kellogg -- El don especial de Elena de White.- La sesión de la Asociación General de 1909.- Loma Linda: más que un sanatorio.- La edición de El Conflicto de los Siglos de 1911: no una revisión -- Disminuyendo la marcha con valor y buen ánimo. aSEG42 aSEG41 aSEG40 aSEG39 aP94 aP87 aP86 aP85 aP77 aP76 aP3514aWhite, Elena G. de.d1827-191514aAdventistas del Séptimo DíaxDon profético.